載入...

Immunology /

書目詳細資料
主要作者: Goldsby, Richard A
其他作者: Kindt,Thomas J., Osborne,Barbara A., Kuby,Janis
格式: Printed Book
出版: New York : W H Freeman , 2003.
版:5th ed. /
主題:
LEADER 00563cam a2200193ua 4500
020 |a 0-7167-4947-5 
082 1 4 |a 616.079  |b GOL-I 
100 1 |a Goldsby, Richard A . 
245 1 0 |a Immunology /  
250 |a 5th ed. /  
260 |a New York :   |b W H Freeman ,   |c 2003. 
300 |a 390p. ;  
650 0 |a Immunology 
700 |a Kindt,Thomas J. 
700 |a Osborne,Barbara A. 
700 |a Kuby,Janis. 
942 |c BK 
999 |c 24050  |d 24050 
952 |0 0  |1 0  |4 0  |6 616_079000000000000_GOLI  |7 0  |9 30248  |a KU  |b KU  |d 2015-07-05  |l 35  |o 616.079 GOL-I  |p LS00346  |r 2020-12-01  |s 2020-11-09  |y BK